01481nab a22002657a 4500999001500000003000400015005001700019008004100036040000700077100003300084245012000117260007300237300001500310500007200325505038900397505008900786650003500875650002800910650003200938650002700970650002900997650003701026773013901063942001301202 c5688d5688OSt20251227001546.0190603e xxum|||| |||| 00| 0 spa d cPJ 91277aVítolo, Daniel Roque13aLas sociedades a 10 años de la sanción del Código Civil y Comercial de la Nación /cDaniel Roque Vítolo.  cCiudad Autónoma de Buenos Aires :aThomson Reuters La Ley, b2025. ap. 238-249 aCita: TR LALEY AR/DOC/1766/2025 Publicado en: RCCyC 2025 (agosto). aSumario: I. A modo de introducción.— II. Algunos cambios sustanciales en el régimen regulatorio de las personas jurídicas privadas en el Cód. Civ. y Com.— III. Las reformas introducidas al texto de la ley 19.550 por la ley 26.994.— IV. El efecto de la reforma introducida por la ley 26.994 en el régimen societario.— V. La ley 27.444.— VI. A modo de conclusión.  t¿Te interesa el texto completo? Solicitalo al correo: koha@justierradelfuego.gov.ar 091497aCODIGO CIVIL Y COMERCIAL 091602aDERECHO COMERCIAL 09646aSOCIEDADES COMERCIALES 091625aSOCIEDAD ANONIMA 091653aDERECHOS DEL SOCIO 093474aAUTONOMÍA DE LA VOLUNTAD0 0271393170dCiudad Autónoma de Buenos Aires : Thomson Reuters La Ley, 2015-tRevista Código Civil y Comercial. Nº 4 - Agosto 2025 2udccANA